000 00741cab a2200229 4500
001 WB3114-62
008 090401t1995 xxu||||| |||| 00| 0 eng d
035 _a(Sirsi) u46434
041 _aeng
245 _aScotland`s rates system
260 _c1995
350 _a0
490 _aEstates Gazette
_v(9513) 1 April 1995, 43(1)
520 _aChanges to the rates system in Scotland making landlords pay 50% rates on empty, non-listed commercial buildings, replacing the entitlement to 100% relief, will diminish any recovery in the property market.
650 _aBUSINESS RATES
650 _aEMPTY RATES
650 _aSCOTLAND
650 _aVACANT PROPERTY
690 _aRATING AND VALUATION
942 _n0
948 _c04/03/1997
999 _c29379
_d29379